تحميل...
| LEADER | 00446nam a2200145Ia 4500 | ||
|---|---|---|---|
| 001 | 11477 | ||
| 008 | 170722s9999 xx 000 0 und d | ||
| 100 | |a Sarton, George | ||
| 245 | |a Ancient science and modern civilization / | ||
| 260 | |c 1954. | ||
| 653 | |a Greece | ||
| 653 | |a Science | ||
| 942 | |c GEN | ||
| 999 | |c 55338 |d 55338 | ||
| 952 | |0 0 |1 0 |4 0 |6 A__51_000000000000000_D4OBY1_J4 |7 0 |9 78775 |a LIB |b LIB |d 2013-03-25 |o A.51.D4obY:1 J4 |p 76961 |r 2017-08-12 |w 2017-08-12 |y GEN | ||